Konjunkturní situace v Austrálii, Novém Zélandu a Indonésii

Na minha lista:
Detalhes bibliográficos
Formato: Livro
Idioma:tcheco
Publicado em: Praha Výzkumný ústav vnějších ekonomických vztahů 1992
Colecção:Aktuality ke Konjunkturnímu bulletinu
Assuntos:
Tags: Adicionar Tag
Sem tags, seja o primeiro a adicionar uma tag!

MARC

LEADER 00000nam a2200000 4500
001 c003917
005 20250526072642.1
041 0 |a cze 
044 |a CZ 
245 1 0 |a Konjunkturní situace v Austrálii, Novém Zélandu a Indonésii 
264 1 |a Praha  |b Výzkumný ústav vnějších ekonomických vztahů  |c 1992 
300 |a 56 s. 
490 1 |a Aktuality ke Konjunkturnímu bulletinu 
830 0 |a Aktuality ke Konjunkturnímu bulletinu 
610 2 0 |a konjunktúra 
610 2 0 |a Austrália 
610 2 0 |a Nový Zéland 
610 2 0 |a Indonézia 
610 2 0 |a priemysel spracovateľský 
610 2 0 |a ponuka 
610 2 0 |a dopyt 
610 2 0 |a produkt domáci hrubý 
610 2 0 |a nezamestnanosť 
610 2 0 |a inflácia 
610 2 0 |a vývoz 
610 2 0 |a dovoz 
610 2 0 |a obchod zahraničný 
610 2 0 |a ČSFR